Slovenský zamestnávateľ

Potreba investícií do vzdelania. Za optimálnu obchodnú klímu. Zväz elektrotechnického priemyslu SR.

Gespeichert in:
Bibliographische Detailangaben
1. Verfasser: Bruckmayer, F.
Weitere Verfasser: Hatina, Slavomír
Format: Buchkapitel
Sprache:Slowakisch
Schlagworte:
Tags: Tag hinzufügen
Keine Tags, Fügen Sie das erste Tag hinzu!

MARC

LEADER 00000naa a2200000 4500
001 r025541
005 20230824084353.3
041 0 |a slo 
044 |a SK 
245 1 0 |a Slovenský zamestnávateľ  |c F. Bruckmayer, Slavomír Hatina 
520 |a Potreba investícií do vzdelania. Za optimálnu obchodnú klímu. Zväz elektrotechnického priemyslu SR. 
610 2 0 |a Slovensko 
610 2 0 |a 1997 
610 2 0 |a zamestnávatelia 
610 2 0 |a Fond na podporu zahraničného obchodu 
610 2 0 |a Zväz elektrotechnického priemyslu SR 
610 2 0 |a vzdelanie 
610 2 0 |a obchod 
100 1 |a Bruckmayer, F. 
700 1 |a Hatina, Slavomír